Podiatric assessment and management of the diabetic foot (Record no. 32416)
[ view plain ]
| 000 -LEADER | |
|---|---|
| fixed length control field | 00707nam a2200181 a 4500 |
| 008 - FIXED-LENGTH DATA ELEMENTS--GENERAL INFORMATION | |
| fixed length control field | 191202s2006 ||||||||||||||||| || u |
| 020 ## - INTERNATIONAL STANDARD BOOK NUMBER | |
| International Standard Book Number | 9780443100437 |
| 050 ## - LIBRARY OF CONGRESS CALL NUMBER | |
| Classification number | RD 563 Fos |
| 100 ## - MAIN ENTRY--PERSONAL NAME | |
| Personal name | Foster, Alethea VM |
| 245 10 - TITLE STATEMENT | |
| Title | Podiatric assessment and management of the diabetic foot |
| Statement of responsibility, etc. | By Alethea VM Foster |
| 260 ## - PUBLICATION, DISTRIBUTION, ETC. | |
| Place of publication, distribution, etc. | Edinburgh |
| Name of publisher, distributor, etc. | Churchill Livingstone/Elsevier |
| Date of publication, distribution, etc. | 2006 |
| 300 ## - PHYSICAL DESCRIPTION | |
| Extent | xi, 337 pages : illustrations |
| 350 ## - | |
| -- | 20.42 |
| 650 ## - SUBJECT ADDED ENTRY--TOPICAL TERM | |
| Topical term or geographic name entry element | PODIATRY |
| 650 ## - SUBJECT ADDED ENTRY--TOPICAL TERM | |
| Topical term or geographic name entry element | FOOT--DISEASES |
| 650 ## - SUBJECT ADDED ENTRY--TOPICAL TERM | |
| Topical term or geographic name entry element | DIABETES--COMPLICATIONS |
| 995 ## - | |
| -- | MEDICAL LIBRARY OPEN ACCESS |
| -- | 904606 |
| -- | CBU-SCHOOL OF MEDICINE LIBRARY (Ndola) |
| -- | 20.42 |
| -- | RD 563 Fos |
| -- | 1 |
| -- | AVAILABLE |
| -- | Dec 5, 2019 |
| -- | 904606 |
| -- | Main Library Open Access Collection |
| 999 ## - | |
| -- | 32416 |
| -- | 32416 |
| Withdrawn status | Lost status | Source of classification or shelving scheme | Damaged status | Not for loan | Permanent Location | Current Location | Shelving location | Date acquired | Total Checkouts | Full call number | Barcode | Date last seen | Price effective from | Koha item type |
|---|---|---|---|---|---|---|---|---|---|---|---|---|---|---|
| CBU-SCHOOL OF MEDICINE LIBRARY, NDOLA. | CBU-SCHOOL OF MEDICINE LIBRARY, NDOLA. | 11/30/2022 | RD 563 Fos | 904606 | 11/30/2022 | 11/30/2022 | MONOGRAPH |